Metal genres by bands - Statistics

General Stats
  • This quiz has been taken 421 times
  • The average score is 11 of 15
Answer Stats
Bands Genre % Correct
Cannibal Corpse, Deicide, Bloodbath Death Metal
95%
Mayhem, Darkthrone, Waitain Black Metal
94%
Korn, Slipknot, System of a Down Nu-Metal
93%
Manowar, Dio, King Diamond Heavy Metal
91%
Metallica, Slayer, Megadeth Thrash Metal
89%
Dragonforce, Edguy, Blind Guardian Power Metal
77%
Dream Theater, Tool, Mastodon Progressive Metal
74%
Pantera, Damageplan, Lamb of God Groove Metal
72%
Motörhead, Speedwolf, Venom Speed Metal
72%
Saint Vitus, Candlemass, Cathedral Doom Metal
64%
Carcass, Napalm Death, Pig Destroyer Grindcore
59%
Saxon, Def Leppard, Iron Maiden New Wave of British Heavy Metal
54%
Ensiferum, Korpiklaani, Eluveitie Folk Metal
50%
Kyuss, Electric Wizzard, Orange Goblin Stoner Metal
49%
Crowbar, Down, Black Label Society Sludge Metal
47%
No matching quizzes found
Score Distribution
Percent of People with Each Score
Percentile by Number Answered
Your Score History
You have not taken this quiz